<?xml version="1.0" encoding="UTF-8"?>
<collection xmlns="http://www.loc.gov/MARC21/slim">
<record>
  <controlfield tag="001">162370</controlfield>
  <controlfield tag="005">20251017144650.0</controlfield>
  <datafield tag="024" ind1="7" ind2=" ">
    <subfield code="2">doi</subfield>
    <subfield code="a">10.1016/j.cmpb.2025.108931</subfield>
  </datafield>
  <datafield tag="024" ind1="8" ind2=" ">
    <subfield code="2">sideral</subfield>
    <subfield code="a">144922</subfield>
  </datafield>
  <datafield tag="037" ind1=" " ind2=" ">
    <subfield code="a">ART-2025-144922</subfield>
  </datafield>
  <datafield tag="041" ind1=" " ind2=" ">
    <subfield code="a">eng</subfield>
  </datafield>
  <datafield tag="100" ind1=" " ind2=" ">
    <subfield code="a">Pérez-Benito, Ángela</subfield>
    <subfield code="u">Universidad de Zaragoza</subfield>
  </datafield>
  <datafield tag="245" ind1=" " ind2=" ">
    <subfield code="a">In-silico patient-specific modelling of prostate cancer: Predicting PSA dynamics and treatment response</subfield>
  </datafield>
  <datafield tag="260" ind1=" " ind2=" ">
    <subfield code="c">2025</subfield>
  </datafield>
  <datafield tag="506" ind1="0" ind2=" ">
    <subfield code="a">Access copy available to the general public</subfield>
    <subfield code="f">Unrestricted</subfield>
  </datafield>
  <datafield tag="520" ind1="3" ind2=" ">
    <subfield code="a">Background and Objective:Prostate cancer remains a significant global health concern, with treatment response varying among patients. Radiotherapy, often combined with hormone therapy, is a key treatment approach, but predicting individual outcomes remains challenging. Computational models have emerged as valuable tools to simulate tumour behaviour and optimise treatment strategies. This study presents a patient-specific computational model designed to predict tumour response by associating Prostate-Specific Antigen (PSA) dynamics with tumour biological behaviour under therapy.
Methods:The model integrates patient-specific clinical data and imaging biomarkers from a retrospective study, including apparent diffusion coefficient values from diffusion-weighted imaging to represent tumour cellularity and perfusion parameters from dynamic contrast-enhanced MRI to characterise vascular properties. Clinical data from five patients undergoing radiotherapy, hormone therapy, or combination therapy are used for model development and validation. Due to the limited availability of patient data, PSA is the only parameter used for calibration and validation. One patient is used for calibration, while six serve for validation. Model performance is evaluated by calculating the mean absolute error (MAE) between simulated and observed PSA values post-treatment. The model also estimates tumour shrinkage, though this cannot be directly validated. To assess predictive capacity, two patients are selected for additional analysis simulating different treatment strategies and their impact on PSA dynamics and tumour shrinkage.
Results:The model successfully replicates PSA trends, with MAE values of 0.1, 0.08, 0.23, 0.14, 0.11 and 0.15 ng/mL and RMSE of 0.18, 0.15, 0.24, 0.18, 0.12 and 0.15 ng/mL for the six validation patients, with Patient C showing the closest correspondence to clinical data (MAE = 0.08). Overall, the MAE ranges from 0.08 ng/mL to 0.23 ng/mL, indicating the model’s ability to approximate treatment response. In the two selected patients, simulated treatment variations result in distinct PSA dynamics and estimated tumour shrinkage, highlighting interpatient variability in treatment response.
Conclusions:This computational model provides a predictive framework for assessing prostate cancer treatment response based on patient-specific PSA dynamics and imaging biomarkers. While tumour shrinkage estimates cannot be validated, the model offers insights into treatment-induced PSA fluctuations. The findings support the potential of in-silico tools in personalised medicine, aiding clinical decision-making by evaluating different therapeutic strategies. Further validation with larger datasets is necessary for clinical integration.</subfield>
  </datafield>
  <datafield tag="536" ind1=" " ind2=" ">
    <subfield code="9">info:eu-repo/grantAgreement/ES/DGA/T50-23R</subfield>
    <subfield code="9">info:eu-repo/grantAgreement/ES/MICINN/PLEC2021-007709</subfield>
  </datafield>
  <datafield tag="540" ind1=" " ind2=" ">
    <subfield code="9">info:eu-repo/semantics/openAccess</subfield>
    <subfield code="a">by-nc-nd</subfield>
    <subfield code="u">https://creativecommons.org/licenses/by-nc-nd/4.0/deed.es</subfield>
  </datafield>
  <datafield tag="655" ind1=" " ind2="4">
    <subfield code="a">info:eu-repo/semantics/article</subfield>
    <subfield code="v">info:eu-repo/semantics/publishedVersion</subfield>
  </datafield>
  <datafield tag="700" ind1=" " ind2=" ">
    <subfield code="a">Galiana-Bordera, Adrián</subfield>
  </datafield>
  <datafield tag="700" ind1=" " ind2=" ">
    <subfield code="a">Martínez-Gironés, Pedro-Miguel</subfield>
  </datafield>
  <datafield tag="700" ind1=" " ind2=" ">
    <subfield code="a">Urbanos, Gemma</subfield>
  </datafield>
  <datafield tag="700" ind1=" " ind2=" ">
    <subfield code="a">Nogué Infante, Anna</subfield>
  </datafield>
  <datafield tag="700" ind1=" " ind2=" ">
    <subfield code="a">Gómez-Benito, María José</subfield>
    <subfield code="u">Universidad de Zaragoza</subfield>
    <subfield code="0">(orcid)0000-0002-1878-8997</subfield>
  </datafield>
  <datafield tag="700" ind1=" " ind2=" ">
    <subfield code="a">Pérez, María Ángeles</subfield>
    <subfield code="u">Universidad de Zaragoza</subfield>
    <subfield code="0">(orcid)0000-0002-2901-4188</subfield>
  </datafield>
  <datafield tag="710" ind1="2" ind2=" ">
    <subfield code="1">5004</subfield>
    <subfield code="2">605</subfield>
    <subfield code="a">Universidad de Zaragoza</subfield>
    <subfield code="b">Dpto. Ingeniería Mecánica</subfield>
    <subfield code="c">Área Mec.Med.Cont. y Teor.Est.</subfield>
  </datafield>
  <datafield tag="773" ind1=" " ind2=" ">
    <subfield code="g">270 (2025), 108931 [16 pp.]</subfield>
    <subfield code="p">Comput. methods programs biomed.</subfield>
    <subfield code="t">Computer Methods and Programs in Biomedicine</subfield>
    <subfield code="x">0169-2607</subfield>
  </datafield>
  <datafield tag="856" ind1="4" ind2=" ">
    <subfield code="s">2776210</subfield>
    <subfield code="u">http://zaguan.unizar.es/record/162370/files/texto_completo.pdf</subfield>
    <subfield code="y">Versión publicada</subfield>
  </datafield>
  <datafield tag="856" ind1="4" ind2=" ">
    <subfield code="s">2495213</subfield>
    <subfield code="u">http://zaguan.unizar.es/record/162370/files/texto_completo.jpg?subformat=icon</subfield>
    <subfield code="x">icon</subfield>
    <subfield code="y">Versión publicada</subfield>
  </datafield>
  <datafield tag="909" ind1="C" ind2="O">
    <subfield code="o">oai:zaguan.unizar.es:162370</subfield>
    <subfield code="p">articulos</subfield>
    <subfield code="p">driver</subfield>
  </datafield>
  <datafield tag="951" ind1=" " ind2=" ">
    <subfield code="a">2025-10-17-14:35:56</subfield>
  </datafield>
  <datafield tag="980" ind1=" " ind2=" ">
    <subfield code="a">ARTICLE</subfield>
  </datafield>
</record>
</collection>